| 000 | 00582nam a2200229Ia 4500 | ||
|---|---|---|---|
| 008 | 160319s9999 xx 000 0 und d | ||
| 020 | _a0-153108126 | ||
| 050 | _a418 | ||
| 050 | _b.Si578f 1999 | ||
| 100 | _aFarr, Roger C. | ||
| 245 | _aFull Sails / | ||
| 260 | _a Orlando, FL : | ||
| 260 | _bHarcourt Brace & Co., | ||
| 260 | _c1999 | ||
| 300 | _a215 pages ; | ||
| 300 | _billustrations ; | ||
| 300 | _c31 cm. | ||
| 440 | _a Signatures., Grade 1. | ||
| 650 | _a Language arts (Elementary) | ||
| 650 | _aReading (Elementary) | ||
| 700 | _aStrickland, Dorothy S. | ||
| 999 |
_c291975 _d291975 |
||